Leonardo 500 (Record no. 44785)

MARC details
000 -Etiqueta do registo
Valores 00443nam a2200181 4500
100 ## - Dados gerais de processamento
Dados gerais 20250918 pory50
101 ## - Língua de publicação
Língua por
-- ita
102 ## - País de publicação
País PT
200 ## - Titulo e menção de responsabilidade
Título próprio Leonardo 500
Primeira menção de responsabilidade realiz. Francesco Invernizzi
210 ## - Publicação
Local de publicação Itália
Nome do editor Festa do Cinema italiano .com
Data de publicação 2019
215 ## - Descrição física 
Paginação / Volumes 1 DVD
225 ## - Colecção 
Título próprio da colecção A grande arte no Cinema
Indicação de volume 5
300 ## - Notas gerais 
Texto da nota M/6<br/>91 m.
675 ## - CDU
Notação 7
801 ## - Fonte de origem
País PT
Regras de catalogação RPC
990 ## - Elementos KOHA
Tipo de documento Filme DVD
Holdings
Aquisição Empréstimo Código de barras Cota Permissão de empréstimo Tipo de documento Nota relativa ao exemplar
Biblioteca Escolar Doutor Hernâni Cidade Biblioteca Escolar Doutor Hernâni Cidade 80944 DOC ART INV   Filme DVD 481 Documentário sobre Leonardo da Vinci

Powered by Koha